Aproximación a la obra filosófica de Ignacio Ellacuría/
Salvato in:
| Autore principale: | |
|---|---|
| Natura: | Libro |
| Lingua: | Spanish |
| Tags: |
Aggiungi Tag
Nessun Tag, puoi essere il primo ad aggiungerne!!
|
MARC
| LEADER | 00000nam a22000007a 4500 | ||
|---|---|---|---|
| 003 | cru CIDCACS/IIS | ||
| 005 | 20180516101401.0 | ||
| 007 | ta | ||
| 008 | 180516s1990 es |||p|r||||||0| ||spa|d | ||
| 999 | |c 41403 |d 41403 | ||
| 040 | |c cru CIDCACS/IIS | ||
| 100 | 1 | |a González, Antonio |9 7186 | |
| 245 | 1 | |a Aproximación a la obra filosófica de Ignacio Ellacuría/ |c Antonio González | |
| 300 | |a páginas 979-989 | ||
| 942 | |2 ddc |c PP | ||
| 773 | 0 | |0 18723 |9 2006 |a Universidad Centroamericana José Simeón Cañas. |d San Salvador, El Salvador Universidad Centroamericana José Simeón |o 18775 |t ECA: | |
